Musicals by Song - Statistics

General Stats
  • This quiz has been taken 33 times
  • The average score is 14 of 51
Answer Stats
Songs from Musicals Answers % Correct
The Schuyler Sisters Hamilton
82%
No Good Deed Wicked
82%
A New Argentina Evita
71%
Revolting Children Matilda
71%
King of New York Newsies
71%
Aquarius Hair
61%
The Nicest Kids in Town Hairspray
57%
Sexy Mean Girls
57%
Sit Down You're Rocking the Boat Guys and Dolls
54%
I Know it's Today Shrek
54%
Practically Perfect Mary Poppins
43%
I Don't Need Your Love Six
43%
A Boy Like That West Side Story
43%
All I've Ever Known Hadestown
36%
Home Beauty and the Beast
32%
The Smartphone Hour Be More Chill
32%
Tomorrow is a Latter Day The Book of Mormon
32%
Past is Catching Up to Me The Great Gatsby
32%
Fathoms Below The Little Mermaid
32%
Seventy-Six Trombones The Music Man
32%
Pacienca y Fe In the Heights
29%
Stay With Me Into the Woods
25%
Rag Doll Jersey Boys
25%
Take it Like a Man Legally Blonde
25%
Stick it to the Man School of Rock
25%
Still Anastasia
21%
Stop the World Come From Away
21%
It's Eggs Something Rotten
21%
Good Girl Winnie Foster Tuck Everlasting
21%
The Rumor Fiddler on the Roof
18%
Step One Kinky Boots
18%
City on Fire! Sweeney Todd: The Demon Barber of Fleet Street
18%
Great Expectations The Outsiders
18%
The Plagues Prince of Egypt
14%
Merry Christmas Maggie Thatcher Billy Elliot
11%
When I Drive Bonnie & Clyde
11%
Splish Splash Just in Time
11%
Sleeping Once
11%
Independently Owned Shucked
11%
Young and Healthy 42nd Street
7%
Backwoods Barbie 9 to 5
7%
Fight the Dragons Big Fish
7%
What I was Born to Do Bring it On
7%
Take a Stand The Secret Diary of Adrian Mole Aged 13 3/4
7%
The Words Came Pouring Out Diana
4%
Money to Burn Half a Sixpence
4%
Balaga Natasha, Pierre and the Great Comet of 1812
4%
West End Wendy Only Fools and Horses
4%
A Rumblin' and a Rollin' Parade
4%
Welcome to Nowhere The Band's Visit
4%
The Boys are Back Bandstand
0%
No matching quizzes found
Score Distribution
Percent of People with Each Score
Percentile by Number Answered
Your Score History
You have not taken this quiz